Statistiken für Haltestellen der Linie 1 (Wien)

Klicken Sie hier um das Quiz zu spielen!

Allgemein

  • Dieses Quiz wurde 32 mal gespielt
  • Das Durchschnittsergebnis liegt bei 22 aus 30

Antwortstatistiken

Andere LinienHaltestelle% Korrekt
D, 2, 62, 71, WLB, U2Z, 2A, 59AKarlsplatz/Oper
96%
U2, U4, 31, U2Z, 3ASchottenring
96%
U2, D, 37, 38, 40, 41, 42, 43, 44, 71, U2Z, 1A, 40ASchottentor
96%
D, 2, 46, 49, 71, U2Z, 48ARing/Volkstheater
92%
U1, U4, 2, 2ASchwedenplatz
92%
-Prater, Hauptallee
88%
15A, 65AStefan-Fadinger-Platz
88%
U1, U4, 62, WLB, 4A, 59AKarlsplatz
84%
D, 2, 71, U2ZParlament
84%
D, 71, U2ZRathausplatz/Burgtheater
84%
D, 71, U2Z, 3A, 40ABörse
80%
D, 2, 71, U2Z, 57ABurgring
80%
6, 18, 62, WLB, 14AMatzleinsdorfer Platz
80%
62, WLBMayerhofgasse
72%
62, WLBResselgasse
72%
2Julius-Raab-Platz
68%
62, WLBLaurenzgasse
68%
2ASalztorbrücke
68%
7ADavidgasse
64%
62, WLB, 13AJohann-Strauß-Gasse
64%
18, 62, WLBKliebergasse
64%
6Knöllgasse
64%
4ALöwengasse
64%
OHintere Zollamtsstraße
60%
62, WLBPaulanergasse
60%
ORadetzkyplatz
60%
-Knöllgasse/Troststraße
56%
-Windtenstraße
56%
-Hetzgasse
52%
4A, 80AWittelsbachstraße
48%

Verteilung der Resultate

Perzentil nach korrekt beantworteten Fragen

Anzahl Personen mit jedem Resultat

Ihre Resultats-Entwicklung

Sie haben dieses Quiz noch nicht gespielt